| 000 | 00707nam a2200229Ia 4500 | ||
|---|---|---|---|
| 999 |
_c36006 _d36006 |
||
| 001 | 1905 | ||
| 003 | GE_BSU | ||
| 005 | 20221010114309.0 | ||
| 008 | 181216s2005ru xx |||||||||||||| ||rus|| | ||
| 010 | _a5829702150 | ||
| 040 | _cGE_BSU | ||
| 041 | _arus | ||
| 080 | _a347.78(075.8) М-17 | ||
| 100 |
_aМаксимова, Л.Г. _915174 |
||
| 245 |
_aАвторское право : _bУчебное пособие / _cЛ.Г. Максимова. |
||
| 264 |
_aМосква : _bГардарики, _c2005. |
||
| 300 |
_a383 с.. _b21 см |
||
| 653 | _aАвторское право. | ||
| 653 | _aსაავტორო უფლება | ||
| 653 | _aსამართალი | ||
| 942 |
_cBK _2udc |
||